| 000 | 00932cam a22002418a 4500 | ||
|---|---|---|---|
| 005 | 20090827101948.0 | ||
| 008 | 070619s2008 njuab b 001 0 eng | ||
| 010 | _aENG-95418 | ||
| 020 |
_a9788120338449 _c425.00 |
||
| 035 | _aEN-78951 | ||
| 037 | _bDBAD/PUB | ||
| 040 | _aDPL | ||
| 100 | _aV. Sundarapandian | ||
| 245 |
_aProbability, Statistics and Queueing Theory _cby V. Sundarapandian |
||
| 250 | _a. | ||
| 260 |
_aNew Delhi _bPHI Learning P. LTD. _c2009 |
||
| 270 |
_aM-97, Connaught Circus _bNew Delhi _e110001 |
||
| 300 |
_aix 809p. _c24 cm.(Pbk) |
||
| 500 | _aIncludes index. | ||
| 942 |
_2ddc _cEN _mSUN |
||
| 999 |
_c31712 _d31712 |
||